NFL Draft 2014 Quarterbacks Drafted - Statistics

General Stats
  • This quiz has been taken 30 times
  • The average score is 6 of 14
Answer Stats
Round Player Team College % Correct
1 Johnny Manziel Browns Texas A&M
92%
1 Blake Bortles Jaguars Central Florida
88%
2 Derek Carr Raiders Fresno State
84%
2 Jimmy Garoppolo Patriots Eastern Illinois
76%
1 Teddy Bridgewater Vikings Louisville
76%
5 A.J. McCarron Bengals Alabama
36%
4 Tom Savage Texans Pittsburgh
32%
6 Tajh Boyd Jets Clemson
28%
6 Zach Mettenberger Titans Louisiana State
28%
5 Aaron Murray Chiefs Georgia
20%
6 David Fales Bears San Jose State
16%
4 Logan Thomas Cardinals Virginia Tech
16%
6 Keith Wenning Ravens Ball State
8%
6 Garrett Gilbert Rams Southern Methodist
4%
No matching quizzes found
Score Distribution
Percent of People with Each Score
Percentile by Number Answered
Your Score History
You have not taken this quiz